Traumatología / (Record no. 146321)

MARC details
000 -LEADER
campo de control de longitud fija 00906nam a2200277 i 4500
001 - NÚMERO DE CONTROL
campo de control 146321
003 - IDENTIFICADOR DE NÚMERO DE CONTROL
campo de control ES-MaACL
005 - FECHA Y HORA DE LA ÚLTIMA TRANSACCIÓN
campo de control 20230906201507.0
007 - CAMPO FIJO DE DESCRIPCIÓN FÍSICA--INFORMACIÓN GENERAL
campo de control de longitud fija t|
008 - DATOS DE LONGITUD FIJA--INFORMACIÓN GENERAL
campo de control de longitud fija 070906s1971 sp ||||1| spa d
080 ## - NÚMERO DE LA CLASIFICACIÓN DECIMAL UNIVERSAL
Número de la Clasificación Decimal Universal 616-001(078)
245 00 - MENCIÓN DEL TÍTULO
Título Traumatología /
Mención de responsabilidad, etc. Castaño López-Mesas, Gálvez Vargas, Guaita Egea ... [et al.].
260 ## - PUBLICACIÓN, DISTRIBUCIÓN, ETC.
Lugar de publicación, distribución, etc. Madrid :
Nombre del editor, distribuidor, etc. Pons,
Fecha de publicación, distribución, etc. 1971.
300 ## - DESCRIPCIÓN FÍSICA
Extensión 3 v. ;
Dimensiones 31 cm.
490 1# - MENCIÓN DE SERIE
Mención de serie Contestaciones Pons
597 ## - NOTA DE DESCRIPCIÓN FÍSICA
NOTA DE DESCRIPCIÓN FÍSICA Ejemplares multicopista
610 24 - PUNTO DE ACCESO ADICIONAL DE MATERIA--NOMBRE DE ENTIDAD CORPORATIVA
Nombre de entidad corporativa o nombre de jurisdicción como elemento de entrada Facultativos del Seguro Social de Enfermedad-
Subdivisión de forma Contestaciones para oposiciones.
9 (RLIN) 4080
650 #4 - PUNTO DE ACCESO ADICIONAL DE MATERIA--TÉRMINO DE MATERIA
Término de materia o nombre geográfico como elemento de entrada Traumatología.
9 (RLIN) 159553
650 #4 - PUNTO DE ACCESO ADICIONAL DE MATERIA--TÉRMINO DE MATERIA
Término de materia o nombre geográfico como elemento de entrada Medicina-
Subdivisión general Contestaciones para oposiciones.
9 (RLIN) 14896
700 1# - ENTRADA AGREGADA--NOMBRE PERSONAL
Nombre de persona Castaño López-Mesas.
9 (RLIN) 36439
700 1# - ENTRADA AGREGADA--NOMBRE PERSONAL
Nombre de persona Gálvez, R.
9 (RLIN) 174619
700 1# - ENTRADA AGREGADA--NOMBRE PERSONAL
Nombre de persona Guaita Egea.
9 (RLIN) 60277
830 1# - PUNTO DE ACCESO ADICIONAL DE SERIE-TÍTULO UNIFORME
Título uniforme Contestaciones Pons
9 (RLIN) 181920
852 4# - LOCALIZACIÓN
Ubicación ES-MaACL
Número de control de estantería C-42158-60
Holdings
Estatus retirado Estado de pérdida Estado de daño No para préstamo Biblioteca de origen Biblioteca actual Ubicación en estantería Fecha de adquisición Fuente de adquisición Total de préstamos Signatura topográfica completa Código de barras Visto por última vez Precio de reemplazo Tipo de ítem Koha
        Biblioteca del Ateneo de Madrid Biblioteca del Ateneo de Madrid Depósito 2 17/01/2008     C-42158-60 1152722 23/02/2023 23/02/2023 Libro impreso